Asymptotics of analytic difference equations

Збережено в:
Бібліографічні деталі
Автор: Immink, Geertrui K (Автор)
Формат: Книга
Мова:Англійська
Опубліковано: Berlín Springer 1984
Серія:Lecture Notes in Mathematics, 1085
Предмети:
Теги: Додати тег
Немає тегів, Будьте першим, хто поставить тег для цього запису!

MARC

LEADER 00000nam a2200000 a 4500
001 UCP2082
003 CL-VaPUC
008 990507e19840000GW |||||||||||||||||eng|d
082 0 4 |a 515.35  |b IMM  |2 21 
100 0 |a Immink, Geertrui K  |e author  |9 428539 
245 1 0 |a Asymptotics of analytic difference equations 
300 |a 132 p 
942 |c BK 
945 |d 19990507 00:00:00  |a rbrito 
260 |a Berlín  |b Springer  |c 1984 
650 0 |a Ecuaciones diferenciales  |9 260083 
650 0 |a Ecuaciones lineales   |9 342219 
650 0 |a Ecuaciones no lineales  |9 343071 
583 |a last modification  |c 19990507 00:00:00  |k Rodrigo Vera 
490 0 |a Lecture Notes in Mathematics, 1085 
999 |c 280679  |d 280677 
952 |0 0  |1 0  |4 0  |6 515_350000000000000_IMM_1984  |7 0  |8 A  |9 321132  |a BIBMAT  |b BIBMAT  |d 2019-11-20  |i 3505987  |o 515.35 IMM 1984  |p 3505987  |r 2025-01-07  |w 2019-11-20  |y BK  |k MAT